000 00419nam a2200169Ia 4500
008 210210b1978 xxu||||| |||| 00| 0 eng d
082 _a612.014 CAMM
100 _aCAMERON (John R)
245 _aMedical physics
260 _aNew York
_bJohn Wiley and Sons
_c1978
300 _axviii,615
650 _aphysics
650 _aMedical
690 _aMedical Science
700 _aSKOFRONICK (James G)
906 _a046921
999 _c96353
_d96353